[Event "Heusenstamm Sparkassen op U14 9th"]
[Site "Heusenstamm"]
[Date "2023.11.26"]
[Round "6"]
[White "Giegerich, Lenn Valentin"]
[Black "Schwab, Berenike"]
[Result "1-0"]
[WhiteElo "1064"]
[BlackElo "859"]
[PlyCount "91"]
[EventDate "2023.11.24"]
[EventType "swiss"]
[EventRounds "7"]
[EventCountry "GER"]
[SourceTitle "EXT 2025"]
[Source "ChessBase"]
[SourceDate "2024.10.14"]
[SourceVersion "1"]
[SourceVersionDate "2024.10.14"]
[SourceQuality "1"]

1. e4 e5 2. Nf3 Nc6 3. d4 exd4 4. c3 Nf6 5. cxd4 Bb4+ 6. Bd2 Bxd2+ 7. Qxd2 d6 8. Nc3 Bg4 9. Be2 0-0 10. h3 Bh5 11. 0-0 Re8 12. Qe3 d5 13. Nd2 Bg6 14. Bd3 Qd7 15. Rae1 Re7 16. f4 Rae8 17. e5 Bxd3 18. Qxd3 Nh5 19. Qf3 g6 20. Nxd5 Re6 21. g4 Ng7 22. Nf6+ Rxf6 23. exf6 Ne6 24. d5 Ncd4 25. Qd3 Nb5 26. f5 Nc5 27. Rxe8+ Qxe8 28. Qg3 Qe2 29. Re1 Qxe1+ 30. Qxe1 h5 31. gxh5 gxh5 32. Qg3+ Kf8 33. Qg7+ Ke8 34. Nf3 Kd7 35. Ng5 Kd6 36. Qxf7 Nd7 37. Qe6+ Kc5 38. Ne4+ Kc4 39. d6+ Kb4 40. Qb3+ Ka5 41. a4 a6 42. axb5 cxd6 43. Nxd6 Kb6 44. bxa6+ Kxa6 45. Qb5+ Ka7 46. Qxb7# 1-0

[Event "Heusenstamm Sparkassen op U14 9th"]
[Site "Heusenstamm"]
[Date "2023.11.26"]
[Round "5"]
[White "Schwab, Berenike"]
[Black "Staudt, Merle"]
[Result "1-0"]
[WhiteElo "859"]
[BlackElo "965"]
[PlyCount "59"]
[EventDate "2023.11.24"]
[EventType "swiss"]
[EventRounds "7"]
[EventCountry "GER"]
[SourceTitle "EXT 2025"]
[Source "ChessBase"]
[SourceDate "2024.10.14"]
[SourceVersion "1"]
[SourceVersionDate "2024.10.14"]
[SourceQuality "1"]

1. e4 d5 2. Nc3 dxe4 3. Nxe4 e5 4. Bc4 Nc6 5. d3 Be7 6. Nf3 Nf6 7. Nc3 Bg4 8. h3 Bh5 9. Qe2 Nd4 10. Qd1 0-0 11. Be3 Nxf3+ 12. gxf3 Qd7 13. Rg1 Rfd8 14. Qd2 Qxh3 15. 0-0-0 Qxf3 16. Bh6 g6 17. Kb1 Qc6 18. Rde1 Ng4 19. Rg3 Bc5 20. f3 Bf2 21. Rxg4 Bxe1 22. Qxe1 Bxg4 23. fxg4 Re8 24. Qf1 Re7 25. a3 Qb6 26. Nd5 Qd4 27. Nxe7+ Kh8 28. Qxf7 Qg1+ 29. Ka2 Qxg4 30. Qg7# 1-0